| 000 | 01027cam a2200277 a 4500 | ||
|---|---|---|---|
| 001 | 2583 | ||
| 005 | 20240610120359.0 | ||
| 020 | _a0439368294 (alk. paper) | ||
| 040 |
_aDLC _cDLC _dDLC _beng |
||
| 050 | 0 | 0 |
_aPZ7.P52112 _bYo 2004 |
| 082 | 0 | 0 |
_a813.54 _221 |
| 100 | 1 | _aPhilbrick, Rodman | |
| 245 | 1 | 4 |
_aThe young man and the sea / _cRodman Philbrick |
| 250 | _aFirst Scholastic paperback printing, March 2005 | ||
| 260 |
_aNew York : _bScholastic, _c2004 |
||
| 300 |
_a192 pages : _c20 cm |
||
| 505 | _aT | ||
| 520 | _aAfter his mother's death, twelve-year-old Skiff Beaman decides that it is up to him to earn money to take care of himself and his father, so he undertakes a dangerous trip alone out on the ocean off the coast of Maine to try to catch a huge bluefin tuna. | ||
| 521 |
_a800
_bLexile |
||
| 521 |
_aT
_bRaz-Plus |
||
| 650 | 1 |
_aFathers and sons _vFiction. |
|
| 650 | 1 |
_aGrief _vFiction. |
|
| 650 | 1 |
_aFishing _vFiction. |
|
| 906 |
_a7 _bcbc _corignew _d1 _eocip _f20 _gy-gencatlg |
||
| 942 |
_2ddc _cBK _n0 |
||
| 999 |
_c2583 _d2583 |
||